Facilitating interdisciplinary research / (Record no. 60176)

MARC details
000 -LEADER
fixed length control field 00519nam a22001577a 4500
005 - DATE AND TIME OF LATEST TRANSACTION
control field 20260212115722.0
008 - FIXED-LENGTH DATA ELEMENTS--GENERAL INFORMATION
fixed length control field 260212b |||||||| |||| 00| 0 eng d
020 ## - INTERNATIONAL STANDARD BOOK NUMBER
International Standard Book Number 0309094356
050 ## - LIBRARY OF CONGRESS CALL NUMBER
Classification number Q180.55.I48
Item number F33 2005
245 ## - TITLE STATEMENT
Title Facilitating interdisciplinary research /
260 ## - PUBLICATION, DISTRIBUTION, ETC. (IMPRINT)
Place of publication, distribution, etc Washington, D.C. :
Name of publisher, distributor, etc The National Academies Press,
Date of publication, distribution, etc 2005.
300 ## - PHYSICAL DESCRIPTION
Extent xxv, 306 p. :
Other physical details ill. ;
Dimensions 23 cm.
500 ## - GENERAL NOTE
General note Includes bibliographical references (p. 296-306).
650 ## - SUBJECT ADDED ENTRY--TOPICAL TERM
Topical term or geographic name as entry element Interdisciplinary research.
942 ## - ADDED ENTRY ELEMENTS (KOHA)
Source of classification or shelving scheme Library of Congress Classification
Item type Book
Holdings
Withdrawn status Lost status Source of classification or shelving scheme Damaged status Not for loan Collection code Home library Current library Shelving location Date acquired Source of acquisition Cost, normal purchase price Total Checkouts Full call number Barcode Date last seen Copy number Price effective from Koha item type
    Library of Congress Classification     Non-fiction Bishop Okullu Memorial Library (Limuru Campus) Bishop Okullu Memorial Library (Limuru Campus) General Circulation 12/02/2026 Donations-Pittsburg 6760.00   Q180.55.I48 F33 2005 073100 12/02/2026 1 12/02/2026 Book